000 00517nam a22001697a 4500
003 NUST - PNEC
005 20170116181014.0
008 150913b xxu||||| |||| 00| 0 eng d
020 _a0201518058
040 _cLIBRARY
082 _a005.4469 PHO
100 _910360
_a Phoenix Technologies
245 _aABIOS for IBM PS/2 computers and compatibles : the complete guide to ROM-based system software for OS/2
_cPhoenix Technologies
260 _cc1989
650 _910365
_aRead-only memory
_xMIS
942 _2ddc
_cBK
999 _c67202
_d67202